Bolivia en el siglo XX: la formación de Bolivia Contemporánea

Saved in:
Bibliografiske detaljer
Hovedforfatter: Campero Prudencio, Fernando (Author)
Format: Bog
Sprog:spansk
Udgivet: La Paz, Bolivia Harvard Club de Bolivia 1999
Fag:
Tags: Tilføj Tag
Ingen Tags, Vær først til at tagge denne postø!

MARC

LEADER 00000nam a2200000 a 4500
001 UCK9696
003 CL-VaPUC
005 20241021122154.0
008 060519e19990000BO |||||||||||||||||spa|d
999 |c 316764  |d 316762 
020 |a 9990500185 
040 |c Pontificia Universidad Católica de Valparaíso 
082 0 4 |a 984.05 CAM 1999  |2 21 
100 0 |a Campero Prudencio, Fernando  |e author  |9 499521 
245 1 0 |a Bolivia en el siglo XX:  |b  la formación de Bolivia Contemporánea 
260 |a La Paz, Bolivia  |b Harvard Club de Bolivia  |c 1999 
300 |a 634 páginas 
583 |a last modification  |c 20160912 05:29:16  |k Rodrigo Vera 
650 0 |a Historia de Bolivia siglo 20  |y SIGLO 20  |9 390465 
650 0 |a Condiciones económicas  |z BOLIVIA  |9 258255 
650 0 |a Desarrollo económico y social   |z BOLIVIA  |9 256320 
650 0 |a Desarrollo político  |z BOLIVIA  |9 323087 
942 |c BK  |2 ddc 
945 |d 20060519 00:00:00  |a jtorresc 
952 |0 0  |1 0  |2 ddc  |4 0  |6 984_050000000000000_CAM_1999  |7 0  |8 A  |9 391759  |a BIBHIS  |b BIBHIS  |d 2019-11-22  |i 4230604  |o 984.05 CAM 1999  |p 4230604  |r 2025-01-20  |t 1  |w 2019-11-22  |y BK  |k HIS